| 000 | 00395nam a2200169Ia 4500 | ||
|---|---|---|---|
| 001 | 15212 | ||
| 005 | 20260306165011.0 | ||
| 008 | 260306t9999||||xx |||||||||||||| ||spa|| | ||
| 041 | _aESP | ||
| 082 |
_a530.076 _bR44 T. 2 |
||
| 100 |
_aResnick, Robert _eAUT |
||
| 245 | 0 | _aSolucionario de fĂsica II | |
| 300 |
_aT. 2 _c21 cm. |
||
| 650 | _aGEN | ||
| 654 | _aCCN | ||
| 942 |
_cLIB _dJUS _fJUS _2ddc _n |
||
| 999 |
_c15212 _d15212 |
||